[Event "13th Dubai open 2011"]
[Site "Dubai Chess club"]
[Date "2011.04.18"]
[Round "9"]
[Board "1"]
[White "Kowsarinia, Amir"]
[Black "Carlstedt, Jonathan"]
[Result "1/2-1/2"]
[WhiteElo "2168"]
[BlackElo "2386"]
[PlyCount "100"]
[EventDate "2011.04.10"]
[EventRounds "9"]
[EventCountry "UAE"]

1.d4 d5 2.c4 e6 3.Nc3 c5 4.cxd5 exd5 5.Nf3 Nc6 6.g3 c4 7.Bg2 Bb4 8.O-O Nge7 9.e4
dxe4 10.Nxe4 O-O 11.Qc2 Nxd4 12.Nxd4 Qxd4 13.Rd1 Qb6 14.Be3 Qg6 15.a3 Ba5 16.Bc5
Re8 17.Qa4 Nc6 18.Nd6 Bg4 19.Nxe8 Bxd1 20.Rxd1 Rxe8 21.Qxc4 Qh5 22.Qc1 Bb6
23.Bxb6 axb6 24.Bxc6 bxc6 25.Rd6 c5 26.Rxb6 Qf3 27.Qc3 Qa8 28.Qd2 h5 29.h4 Qf3
30.Rd6 Re2 31.Rd8+ Kh7 32.Qd3+ Qxd3 33.Rxd3 Rxb2 34.Rd5 Ra2 35.Rxh5+ Kg6 36.Rxc5
Rxa3 37.Kg2 Ra7 38.g4 Kh6 39.Kg3 g6 40.h5 gxh5 41.gxh5 Ra1 42.Kg4 Kg7 43.Rg5+
Kh6 44.Rf5 Kg7 45.Rf4 Rg1+ 46.Kf5 Kh6 47.Kf6 Kxh5 48.Kxf7 Kg5 49.Rf6 Rg4 50.Rg6+
Kf4

[Event "13th Dubai open 2011"]
[Site "Dubai Chess club"]
[Date "2011.04.18"]
[Round "9"]
[Board "1"]
[White "Somoff, Abdo"]
[Black "Zozulia, Anna"]
[Result "0-1"]
[WhiteElo "2172"]
[BlackElo "2369"]
[PlyCount "111"]
[EventDate "2011.04.10"]
[EventRounds "9"]
[EventCountry "UAE"]

1.e4 c5 2.Nf3 e6 3.d3 Nc6 4.Nbd2 g6 5.g3 Bg7 6.Bg2 Nge7 7.O-O O-O 8.Re1 d6 9.h4
Rb8 10.a4 a6 11.Rb1 b5 12.axb5 axb5 13.b3 Bb7 14.Nf1 Ra8 15.Bb2 Nd4 16.Nxd4 cxd4
17.Ra1 Qc7 18.Qd2 Rfc8 19.Rec1 Rxa1 20.Bxa1 h5 21.Nh2 d5 22.Nf3 dxe4 23.Nxd4 Qb6
24.Ne2 Bxa1 25.Rxa1 exd3 26.Bxb7 Qxb7 27.Qxd3 Qd5 28.Ra7 Qxd3 29.cxd3 Nd5 30.Rb7
Rc5 31.Kg2 b4 32.Kf3 Kg7 33.Nf4 Nxf4 34.Kxf4 Rc3 35.Rxb4 Rxd3 36.Ke4 Rd2 37.Ke3
Rb2 38.Rb7 Kf6 39.b4 Ke5 40.b5 Rb3+ 41.Ke2 f5 42.b6 Ke4 43.Rb8 Rb2+ 44.Kf1 Kf3
45.Kg1 Rb1+ 46.Kh2 e5 47.b7 e4 48.Rg8 Rxb7 49.Rxg6 Kxf2 50.Rg5 Rb5 51.Rxh5 e3
52.Rh8 e2 53.Re8 e1=Q 54.Rxe1 Kxe1 55.h5 Kf2 56.Kh3

[Event "13th Dubai open 2011"]
[Site "Dubai Chess club"]
[Date "2011.04.18"]
[Round "9"]
[Board "1"]
[White "Arellano, Robert"]
[Black "Narayanan, Srinath"]
[Result "0-1"]
[WhiteElo "2060"]
[BlackElo "2310"]
[PlyCount "78"]
[EventDate "2011.04.10"]
[EventRounds "9"]
[EventCountry "UAE"]

1.d4 Nf6 2.e3 g6 3.f4 Bg7 4.Nf3 O-O 5.Be2 d6 6.O-O Nc6 7.c3 e5 8.b4 a6 9.a4 Re8
10.Bc4 exf4 11.exf4 Bf5 12.Bd3 Ne7 13.Ra2 Qd7 14.a5 Ned5 15.Nh4 Bxd3 16.Qxd3 Qg4
17.g3 Re4 18.Raf2 Rae8 19.Bd2 Qh3 20.Qf3 Ng4 21.Rg2 f5 22.Na3 Nde3 23.Bxe3 Nxe3
24.Nc2 Nxg2 25.Nxg2 Qg4 26.Qxg4 fxg4 27.Rf2 c5 28.Rd2 Re2 29.Rxe2 Rxe2 30.Nge3
cxd4 31.cxd4 Bxd4 32.Nxd4 Rxe3 33.Kf2 Re4 34.Nc2 Rc4 35.Ne3 Rxb4 36.Nxg4 b6
37.Nf6+ Kf7 38.Nxh7 bxa5 39.Ng5+ Ke7

[Event "13th Dubai open 2011"]
[Site "Dubai Chess club"]
[Date "2011.04.18"]
[Round "9"]
[Board "1"]
[White "Semiev, Suhrab"]
[Black "Abedi, Ali"]
[Result "1/2-1/2"]
[WhiteElo "2406"]
[BlackElo "2159"]
[PlyCount "36"]
[EventDate "2011.04.10"]
[EventRounds "9"]
[EventCountry "UAE"]

1.e4 c5 2.Nf3 d6 3.d4 cxd4 4.c3 dxc3 5.Nxc3 e6 6.Bc4 a6 7.a4 Be7 8.O-O Nf6 9.Qe2
O-O 10.Rd1 Qc7 11.Bf4 Nh5 12.Be3 Nc6 13.Rac1 Bd7 14.Ba2 Qa5 15.Bd2 Qb6 16.Be3
Qa5 17.Bd2 Qb6 18.Be3 Qa5

[Event "13th Dubai open 2011"]
[Site "Dubai Chess club"]
[Date "2011.04.18"]
[Round "9"]
[Board "1"]
[White "Salem A R, Saleh"]
[Black "Hrabinska, Myroslava"]
[Result "1/2-1/2"]
[WhiteElo "2511"]
[BlackElo "2278"]
[PlyCount "69"]
[EventDate "2011.04.10"]
[EventRounds "9"]
[EventCountry "UAE"]

1.d4 Nf6 2.c4 e6 3.Nc3 Bb4 4.e3 c5 5.Bd3 Nc6 6.Nf3 d5 7.O-O O-O 8.a3 Bxc3 9.bxc3
dxc4 10.Bxc4 Qc7 11.Bb2 e5 12.h3 Bf5 13.Qe2 Rfe8 14.Rad1 a6 15.Ba2 e4 16.Nd2
Rad8 17.Nb3 c4 18.Nc5 b5 19.Nxa6 Qb6 20.Nc5 Nd7 21.Nxd7 Rxd7 22.Bb1 Ne7 23.f4 f6
24.g4 Bg6 25.a4 Nd5 26.axb5 Qxb5 27.Ba2 Rc7 28.Ra1 Bf7 29.Qd2 Nxe3 30.Qxe3 Qxb2
31.Rfb1 Qc2 32.Re1 Qb2 33.Reb1 Qc2 34.Re1 Qb2 35.Reb1

[Event "13th Dubai open 2011"]
[Site "Dubai Chess club"]
[Date "2011.04.18"]
[Round "9"]
[Board "1"]
[White "Das, Sayantan"]
[Black "Laxman, R R"]
[Result "1/2-1/2"]
[WhiteElo "2268"]
[BlackElo "2462"]
[PlyCount "30"]
[EventDate "2011.04.10"]
[EventRounds "9"]
[EventCountry "UAE"]

1.e4 e5 2.Nf3 Nc6 3.Bb5 a6 4.Ba4 Nf6 5.O-O Be7 6.Re1 b5 7.Bb3 O-O 8.c3 d6 9.h3
Bb7 10.d4 Re8 11.Ng5 Rf8 12.Nf3 Re8 13.Ng5 Rf8 14.Nf3 Re8 15.Ng5 Rf8

[Event "13th Dubai open 2011"]
[Site "Dubai Chess club"]
[Date "2011.04.18"]
[Round "9"]
[Board "1"]
[White "El Arousy, Abdul Hameed"]
[Black "Satyaragyan, Swayangsu"]
[Result "1/2-1/2"]
[WhiteElo "2238"]
[BlackElo "2459"]
[PlyCount "63"]
[EventDate "2011.04.10"]
[EventRounds "9"]
[EventCountry "UAE"]

1.e4 c5 2.Nf3 e6 3.Nc3 d6 4.d4 cxd4 5.Nxd4 Nf6 6.Be2 Be7 7.Be3 O-O 8.O-O Nc6
9.f4 Bd7 10.Nb3 a6 11.Qe1 b5 12.a3 Bc8 13.Qg3 Qc7 14.Nd4 Bb7 15.Nxc6 Bxc6 16.Bd4
Rad8 17.Kh1 Rd7 18.Rae1 Qd8 19.Bd3 Nh5 20.Qh3 g6 21.Qe3 Rb7 22.Ne2 a5 23.Rd1 Re8
24.Qd2 b4 25.axb4 axb4 26.b3 Bf8 27.Bb2 e5 28.fxe5 dxe5 29.Qe3 Qh4 30.Rf3 Bd7
31.Bc4 Bg4 32.Rf2 {Unread Game Finished At move 69}

[Event "13th Dubai open 2011"]
[Site "Dubai Chess club"]
[Date "2011.04.18"]
[Round "9"]
[Board "1"]
[White "Pourkashiyan, Atousa"]
[Black "Al-Tarbosh, Ward"]
[Result "1-0"]
[WhiteElo "2371"]
[BlackElo "2230"]
[PlyCount "85"]
[EventDate "2011.04.10"]
[EventRounds "9"]
[EventCountry "UAE"]

1.e4 e6 2.d4 d5 3.Nd2 Nf6 4.e5 Nfd7 5.c3 c5 6.Bd3 Nc6 7.Ne2 f6 8.exf6 Nxf6 9.O-O
cxd4 10.cxd4 Bd6 11.Nf3 Qc7 12.g3 O-O 13.Bf4 Bxf4 14.Nxf4 Qb6 15.Qd2 Kh8 16.Rfe1
Nxd4 17.Ng5 Bd7 18.Rad1 h6 19.Ng6+ Kg8 20.Nxf8 hxg5 21.Nxd7 Nf3+ 22.Kg2 Nxe1+
23.Rxe1 Nxd7 24.Qxg5 Rf8 25.Re2 Rf6 26.h4 Qd4 27.Rd2 Qe5 28.Qg4 Qd6 29.Qh5 Nf8
30.f4 Rf7 31.Qe2 Rc7 32.h5 Qe7 33.Qe5 Rc1 34.Rf2 Rc6 35.Re2 Qf6 36.Qxf6 gxf6
37.g4 d4 38.Kf3 Rd6 39.Rc2 Nd7 40.Rc7 e5 41.h6 e4+ 42.Bxe4 Nf8 43.h7+

[Event "13th Dubai open 2011"]
[Site "Dubai Chess club"]
[Date "2011.04.18"]
[Round "9"]
[Board "1"]
[White "Saduakassova, Dinara"]
[Black "Vishnu, Prasanna  V"]
[Result "1/2-1/2"]
[WhiteElo "2208"]
[BlackElo "2358"]
[PlyCount "48"]
[EventDate "2011.04.10"]
[EventRounds "9"]
[EventCountry "UAE"]

1.e4 c5 2.Nf3 d6 3.d4 cxd4 4.Nxd4 Nf6 5.Nc3 Nc6 6.Bg5 e6 7.Qd2 Qb6 8.O-O-O a6
9.f4 Bd7 10.Be2 Nxd4 11.Qxd4 Qxd4 12.Rxd4 Bc6 13.Bf3 Nd7 14.Bh4 h6 15.Bg3 Be7
16.Re1 h5 17.Bf2 e5 18.fxe5 dxe5 19.Rd2 Bb4 20.Re3 Bc5 21.Ree2 Bxf2 22.Rxf2 Nc5
23.h4 Ne6 24.Nd5 Rd8

[Event "13th Dubai open 2011"]
[Site "Dubai Chess club"]
[Date "2011.04.18"]
[Round "9"]
[Board "1"]
[White "Berezina, Irina"]
[Black "Atabayev, Maksat"]
[Result "0-1"]
[WhiteElo "2199"]
[BlackElo "2355"]
[PlyCount "128"]
[EventDate "2011.04.10"]
[EventRounds "9"]
[EventCountry "UAE"]

1.d4 Nf6 2.c4 g6 3.Nc3 Bg7 4.e4 d6 5.Nf3 O-O 6.Be2 e5 7.O-O Nc6 8.d5 Ne7 9.Ne1
Nd7 10.Kh1 f5 11.exf5 Nxf5 12.Ne4 Nf6 13.Bg5 h6 14.Bxf6 Bxf6 15.Nxf6+ Qxf6
16.Nc2 Bd7 17.Qd2 Kg7 18.Rae1 h5 19.Kg1 b6 20.Bd3 Nh4 21.Be4 Rae8 22.b3 g5 23.f3
Nf5 24.Qd1 Nh6 25.Ne3 Qf4 26.Qd3 h4 27.Rc1 Nf5 28.Nxf5+ Bxf5 29.Bxf5 Rxf5
30.Rce1 Rf6 31.Re3 Ref8 32.Re4 Qf5 33.b4 Qg6 34.h3 Rf4 35.Rfe1 Rxe4 36.fxe4 g4
37.hxg4 Rf4 38.Re3 Rxg4 39.Qe2 h3 40.Rxh3 Qxe4 41.Qxe4 Rxe4 42.Rc3 a5 43.bxa5
bxa5 44.Kf2 Kf6 45.Kf3 Kf5 46.Rc2 a4 47.Rc3 Rd4 48.Ke3 Kg4 49.Ke2 Rf4 50.a3 Rd4
51.Ke3 Kg3 52.Rc2 Rd1 53.c5 Rxd5 54.cxd6 cxd6 55.Rc4 Rc5 56.Rxa4 d5 57.Ra8 Rc3+
58.Kd2 d4 59.Re8 Kf4 60.a4 Ra3 61.Rf8+ Ke4 62.g4 Rxa4 63.g5 Ra2+ 64.Kd1 Rg2

[Event "13th Dubai open 2011"]
[Site "Dubai Chess club"]
[Date "2011.04.18"]
[Round "9"]
[Board "1"]
[White "Sai, Krishna"]
[Black "Sanal, Vahap"]
[Result "1-0"]
[WhiteElo "2349"]
[BlackElo "2200"]
[PlyCount "77"]
[EventDate "2011.04.10"]
[EventRounds "9"]
[EventCountry "UAE"]

1.e4 e5 2.Nf3 Nc6 3.Bb5 a6 4.Ba4 Nf6 5.O-O Nxe4 6.d4 b5 7.Bb3 d5 8.dxe5 Be6
9.Be3 Be7 10.c3 O-O 11.Nbd2 f5 12.exf6 Nxf6 13.Ng5 Bf5 14.Nde4 Kh8 15.Nxf6 Bxf6
16.Bxd5 Qd7 17.Be4 Qxd1 18.Raxd1 Bxe4 19.Nxe4 Ne5 20.Bc5 Rf7 21.Nxf6 gxf6
22.Rfe1 Rg8 23.Kf1 Rg5 24.Be3 Rg8 25.Bd4 Nc6 26.Bc5 Rg5 27.b4 Ne5 28.f4 Rf5
29.g3 Nc4 30.Re8+ Kg7 31.Rdd8 Kg6 32.Ke2 h5 33.Kf3 c6 34.Ke4 Rd5 35.f5+ Kg5
36.Rg8+ Kh6 37.Rh8+ Rh7 38.Bf8+ Kg5 39.Rg8+

[Event "13th Dubai open 2011"]
[Site "Dubai Chess club"]
[Date "2011.04.18"]
[Round "9"]
[Board "1"]
[White "Arabi, Saeid"]
[Black "Mansour, Sameer"]
[Result "0-1"]
[WhiteElo "2159"]
[BlackElo "2301"]
[PlyCount "84"]
[EventDate "2011.04.10"]
[EventRounds "9"]
[EventCountry "UAE"]

1.d4 Nf6 2.c4 e6 3.g3 Bb4+ 4.Bd2 Qe7 5.Bg2 O-O 6.Nf3 Bxd2+ 7.Qxd2 d6 8.Nc3 e5
9.O-O Nc6 10.Nd5 Qd8 11.Nxf6+ Qxf6 12.d5 Nb8 13.b4 a5 14.a3 Bg4 15.Ng5 Bf5
16.Nf3 Nd7 17.Qc3 b6 18.Nd2 Qe7 19.Nb3 a4 20.Nd2 Bg4 21.f3 Bf5 22.e4 Bg6 23.g4
h5 24.h3 Bh7 25.Qe3 Rfb8 26.Rfc1 Nf8 27.Nb1 Ng6 28.Nc3 Nf4 29.Ne2 g5 30.Nxf4
gxf4 31.Qf2 Kh8 32.Kf1 Rg8 33.Ke2 Rg7 34.Kd2 Rag8 35.Re1 f5 36.exf5 Bxf5 37.Bf1
Bh7 38.b5 Qf6 39.Kc3 Bg6 40.Kb4 Rh7 41.Kxa4 e4 42.g5 Qc3

[Event "13th Dubai open 2011"]
[Site "Dubai Chess club"]
[Date "2011.04.18"]
[Round "9"]
[Board "1"]
[White "Daulyte, Deimante"]
[Black "Coleman, James"]
[Result "1/2-1/2"]
[WhiteElo "2293"]
[BlackElo "2136"]
[PlyCount "79"]
[EventDate "2011.04.10"]
[EventRounds "9"]
[EventCountry "UAE"]

1.e4 e5 2.Nf3 Nc6 3.Bb5 a6 4.Ba4 Nf6 5.O-O Be7 6.Qe2 b5 7.Bb3 O-O 8.c3 d5 9.d3
Re8 10.Rd1 h6 11.Nbd2 Bf8 12.Nf1 Na5 13.Bc2 c5 14.Ng3 Qc7 15.exd5 Nxd5 16.d4
cxd4 17.cxd4 Bg4 18.dxe5 Bxf3 19.Qd3 g6 20.Qxf3 Qxc2 21.Rxd5 Nc4 22.Ne4 Nxe5
23.Nf6+ Kh8 24.Rxe5 Rxe5 25.Bf4 Qxb2 26.Rf1 Ree8 27.Nxe8 Rxe8 28.Qc6 Qe2 29.Be3
Re6 30.Qa8 Kg8 31.g3 b4 32.Rc1 Rxe3 33.Rc8 Qd1+ 34.Kg2 Re6 35.Rxf8+ Kg7 36.Rg8+
Kf6 37.Qb7 Qb1 38.Ra8 Qe4+ 39.Qxe4 Rxe4 40.Rxa6+

[Event "13th Dubai open 2011"]
[Site "Dubai Chess club"]
[Date "2011.04.18"]
[Round "9"]
[Board "1"]
[White "Surendran, N"]
[Black "Nemcova, Katerina"]
[Result "1/2-1/2"]
[WhiteElo "2146"]
[BlackElo "2289"]
[PlyCount "61"]
[EventDate "2011.04.10"]
[EventRounds "9"]
[EventCountry "UAE"]

1.d4 Nf6 2.Nf3 e6 3.c4 d5 4.Nc3 dxc4 5.Bg5 h6 6.Bxf6 Qxf6 7.e3 g6 8.Bxc4 Bg7
9.O-O O-O 10.Ne5 c5 11.Qe2 cxd4 12.exd4 Nd7 13.Rfe1 Nb6 14.Bb3 Bd7 15.Ne4 Qe7
16.Nc5 Bc6 17.Nxc6 bxc6 18.Qd3 Nd5 19.Bxd5 cxd5 20.b4 Rfb8 21.Rab1 Qh4 22.Red1
Rc8 23.Rbc1 e5 24.dxe5 Bxe5 25.g3 Qxb4 26.Qxd5 Bg7 27.Nd3 Qd4 28.Qxd4 Bxd4
29.Rxc8+ Rxc8 30.Rc1 Rxc1+ 31.Nxc1

[Event "13th Dubai open 2011"]
[Site "Dubai Chess club"]
[Date "2011.04.18"]
[Round "9"]
[Board "1"]
[White "Esenov, Annaberdi"]
[Black "El Jawich, Amro"]
[Result "1/2-1/2"]
[WhiteElo "2283"]
[BlackElo "2109"]
[PlyCount "44"]
[EventDate "2011.04.10"]
[EventRounds "9"]
[EventCountry "UAE"]

1.e4 c5 2.Nf3 d6 3.d4 cxd4 4.Nxd4 Nf6 5.Nc3 a6 6.Bc4 e6 7.O-O Be7 8.Bb3 b5 9.f4
O-O 10.f5 e5 11.Nde2 Bb7 12.Ng3 Nbd7 13.Bg5 Ne8 14.Bxe7 Qxe7 15.Rf3 Nef6 16.a3
Rac8 17.Kh1 Nb6 18.Qd2 Nc4 19.Qg5 h6 20.Qh4 Nd2 21.Rd3 Nxb3 22.cxb3 Rfe8
{Unread}

[Event "13th Dubai open 2011"]
[Site "Dubai Chess club"]
[Date "2011.04.18"]
[Round "9"]
[Board "1"]
[White "Grabinsky, Vladimir"]
[Black "Saud, Mohamed"]
[Result "1-0"]
[WhiteElo "2303"]
[BlackElo "2087"]
[PlyCount "47"]
[EventDate "2011.04.10"]
[EventRounds "9"]
[EventCountry "UAE"]

1.c4 c5 2.Nc3 g6 3.g3 Bg7 4.Bg2 Nc6 5.e3 e6 6.Nge2 Nge7 7.d4 cxd4 8.Nxd4 O-O
9.O-O a6 10.Nxc6 Nxc6 11.Qd2 Qc7 12.b3 d6 13.Bb2 Ne7 14.Rfd1 Rd8 15.Ne4 e5
16.Ba3 d5 17.cxd5 Rxd5 18.Nf6+ Bxf6 19.Bxd5 Nxd5 20.Qxd5 Be6 21.Qf3 Bg7 22.Rac1
Qb6 23.Rd6 Qb5 24.Rxe6

[Event "13th Dubai open 2011"]
[Site "Dubai Chess club"]
[Date "2011.04.18"]
[Round "9"]
[Board "1"]
[White "Mirzoeva, Elmira"]
[Black "Greeff, Melissa"]
[Result "1-0"]
[WhiteElo "2272"]
[BlackElo "2080"]
[PlyCount "65"]
[EventDate "2011.04.10"]
[EventRounds "9"]
[EventCountry "UAE"]

1.d4 Nf6 2.Nf3 e6 3.c4 Bb4+ 4.Bd2 Qe7 5.g3 b6 6.Bg2 Bb7 7.O-O Bxd2 8.Qxd2 O-O
9.Nc3 Ne4 10.Nxe4 Bxe4 11.Qe3 Bb7 12.d5 Qc5 13.Qd3 h6 14.dxe6 Bc6 15.b4 Qxb4
16.exf7+ Rxf7 17.Ne5 Rf6 18.Bd5+ Kf8 19.Bxc6 Rxc6 20.Nxc6 Nxc6 21.Qxd7 Ne7
22.Rab1 Qxc4 23.Rbc1 Qxa2 24.Rxc7 Qxe2 25.Rxa7 Rxa7 26.Qxa7 b5 27.Qc5 Kg8 28.Rb1
Ng6 29.Qxb5 Qe5 30.Qb7 Qd4 31.Qc8+ Kh7 32.Qf5 Qa7 33.h4